Bulgarien. Südosteuropa-Handbuch. Bd. 4 (Record no. 207)

MARC details
000 -LEADER
fixed length control field 00462nam a22001937i 4500
001 - CONTROL NUMBER
control field 209
003 - CONTROL NUMBER IDENTIFIER
control field OSt
005 - DATE AND TIME OF LATEST TRANSACTION
control field 20170126082240.0
007 - PHYSICAL DESCRIPTION FIXED FIELD--GENERAL INFORMATION
fixed length control field tu
008 - FIXED-LENGTH DATA ELEMENTS--GENERAL INFORMATION
fixed length control field 161220s1990 xxu||||| |||| 00| 0 d
024 7# - OTHER STANDARD IDENTIFIER
Standard number or code 208
Source of number or code RID
040 ## - CATALOGING SOURCE
Transcribing agency OSt
084 ## - OTHER CLASSIFICATION NUMBER
Classification number 23.3
Number source z
100 1# - MAIN ENTRY--PERSONAL NAME
Personal name Grothusen, Klaus-Detlev
Relator term Ed.
245 00 - TITLE STATEMENT
Title Bulgarien. Südosteuropa-Handbuch. Bd. 4
260 ## - PUBLICATION, DISTRIBUTION, ETC.
Place of publication, distribution, etc. Göttingen :
Name of publisher, distributor, etc. Vandenhoeck & Ruprecht,
Date of publication, distribution, etc. 1990.
300 ## - PHYSICAL DESCRIPTION
Extent 815 S. ;
Dimensions 21cm.
651 ## - SUBJECT ADDED ENTRY--GEOGRAPHIC NAME
Geographic name Bulgaria
942 ## - ADDED ENTRY ELEMENTS (KOHA)
Koha item type Book
Holdings
Withdrawn status Lost status Damaged status Not for loan Home library Current library Shelving location Date acquired Inventory number Total Checkouts Full call number Barcode Date last seen Price effective from Koha item type
        WIIW WIIW Souterrain 04/29/1992 209   I-839/IV 300207 01/26/2017 01/26/2017 Book
The Vienna Instiute for International Economic Studies (wiiw)